| 000 | 00745nam a2200229 i 4500 | ||
|---|---|---|---|
| 001 | 23576 | ||
| 003 | ES-MaACL | ||
| 005 | 20230906152911.0 | ||
| 007 | t| | ||
| 008 | 021211s1981 sp ||||1| spa d | ||
| 100 | 1 |
_aAllwood, Jens. _920066 |
|
| 245 | 1 | 0 |
_aLógica para linguïstas / _cJens Allwood, Lars-Gunnar Andersson, Östen Dahl ; [traducido por Jaime Sarabia]. |
| 260 |
_aMadrid : _bParaninfo, _c1981. |
||
| 300 |
_a203 p. : _bil. ; _c22 cm. |
||
| 490 | 1 | _aLógica y teoría de la ciencia | |
| 700 | 1 |
_aAndersson, Lars-Gunnar. _921479 |
|
| 700 | 1 |
_aDahl, Östen. _942439 |
|
| 700 | 1 |
_aSarabia, Jaime. _9103733 |
|
| 830 | 0 |
_aLógica y teoría de la ciencia _9181546 |
|
| 852 |
_aES-MaACL _jL-1839 _bR.102424 |
||
| 999 |
_c23576 _d23576 |
||